Statistical inference under order restrictions : (Record no. 6647)
[ view plain ]
| 000 -LEADER | |
|---|---|
| fixed length control field | 00995cam a2200313 4500 |
| 001 - CONTROL NUMBER | |
| control field | 6647 |
| 003 - CONTROL NUMBER IDENTIFIER | |
| rucl marc code | BD-RjUL |
| 005 - DATE AND TIME OF LATEST TRANSACTION | |
| control field | 20211208234303.0 |
| 008 - FIXED-LENGTH DATA ELEMENTS--GENERAL INFORMATION | |
| fixed length control field | 140111s1972 enk b 001 0 eng d |
| 020 ## - INTERNATIONAL STANDARD BOOK NUMBER | |
| International Standard Book Number | 0471049700 |
| 035 ## - SYSTEM CONTROL NUMBER | |
| System control number | (BD-RjUL)6688 |
| 040 ## - CATALOGING SOURCE | |
| Original cataloging agency | DLC |
| Transcribing agency | DLC |
| Modifying agency | DLC |
| -- | (BD-RjUL) |
| Language of cataloging | eng |
| 041 ## - LANGUAGE CODE | |
| Language code of text/sound track or separate title | eng |
| 082 00 - DEWEY DECIMAL CLASSIFICATION NUMBER | |
| Classification number | 519.54 |
| Author mark and year | STA |
| 245 00 - TITLE STATEMENT | |
| Title | Statistical inference under order restrictions : |
| Remainder of title | the theory and application of isotonic regression / |
| Statement of responsibility, etc. | [by] R. E. Barlow [and others] |
| 260 ## - PUBLICATION, DISTRIBUTION, ETC. (IMPRINT) | |
| Place of publication, distribution, etc. | London, |
| -- | New York, |
| Name of publisher, distributor, etc. | Wiley |
| Date of publication, distribution, etc. | [1972] |
| 300 ## - PHYSICAL DESCRIPTION | |
| Pagination | xii, 388 p. ; |
| Size | 24 cm. |
| 490 0# - SERIES STATEMENT | |
| Series statement | Wiley series in probability and mathematical statistics, no. 8 |
| 504 ## - BIBLIOGRAPHY, ETC. NOTE | |
| Bibliography, etc | Bibliography: p. 365-377. |
| 650 #0 - SUBJECT ADDED ENTRY--TOPICAL TERM | |
| Topical term or geographic name as entry element | Order statistics. |
| 9 (RLIN) | 465 |
| Topical term or geographic name as entry element | Regression analysis. |
| 9 (RLIN) | 5588 |
| 700 1# - ADDED ENTRY--PERSONAL NAME | |
| Personal name | Barlow, Richard E. |
| Personal name | Bartholomew,d.J |
| Personal name | bremner,J.N |
| Personal name | Brunk,H.D |
| 942 ## - ADDED ENTRY ELEMENTS (KOHA) | |
| Source of classification or shelving scheme | Dewey Decimal Classification |
| Koha item type | Books |
| Lost status | Source of classification or shelving scheme | Damaged status | Not for loan | Collection code | Permanent Location | Current Location | Shelving location | Date acquired | Source of acquisition | Cost, normal purchase price | Total Checkouts | Full call number | Date last seen | Copy number | Koha item type |
|---|---|---|---|---|---|---|---|---|---|---|---|---|---|---|---|
| Dewey Decimal Classification | Non-fiction | Central Library, University of Rajshahi | Central Library, University of Rajshahi | 30/04/1974 | National book Agency | 130.00 | 519.54 STA 1972 | 11/01/2014 | C-2 | Books | |||||
| Dewey Decimal Classification | Not For Loan | Non-fiction | Central Library, University of Rajshahi | Central Library, University of Rajshahi | Reading Room | 30/04/1974 | National book agency | 130.00 | 519.54 STA 1972 | 12/04/2017 | C-1 | Books |